Better rates for better business (Record no. 115241)

MARC details
000 -LEADER
fixed length control field 01394cam a22002055a 4500
001 - CONTROL NUMBER
control field L158279
008 - FIXED-LENGTH DATA ELEMENTS--GENERAL INFORMATION
fixed length control field 141121s2014 xxk f 000 0 eng d
035 ## - SYSTEM CONTROL NUMBER
System control number (Sirsi) u158279
041 0# - LANGUAGE CODE
Language code of text/sound track or separate title eng
110 2# - MAIN ENTRY--CORPORATE NAME
Corporate name or jurisdiction name as entry element British Property Federation
9 (RLIN) 1604
245 00 - TITLE STATEMENT
Title Better rates for better business
Medium [electronic resource]
260 ## - PUBLICATION, DISTRIBUTION, ETC.
Place of publication, distribution, etc. London
Name of publisher, distributor, etc. British Property Federation
Date of publication, distribution, etc. 2014
520 ## - SUMMARY, ETC.
Summary, etc. Outlines recommendations for reforming business rates ahead of the Autumn Statement 2014. These include linking annual increases by CPI rather than RPI, restoring the pre-2008 availability of relief from paying empty property rates and replacing five year revaluations with annual ones. Suggests comparing UK systems with those used in other countries for example the annual computerised revaluations used in the Netherlands, linking increases to economic performance so that rates could go up and down according to the state of the economy and extending relief for small businesses including exempting properties with a rateable value of less thatn £12, 000 from paying business rates.
590 ## - LOCAL NOTE (RLIN)
Local note KA
650 24 - SUBJECT ADDED ENTRY--TOPICAL TERM
Topical term or geographic name entry element BUSINESS RATES
651 #4 - SUBJECT ADDED ENTRY--GEOGRAPHIC NAME
Geographic name England and Wales
Chronological subdivision 1543-
690 ## - LOCAL SUBJECT ADDED ENTRY--TOPICAL TERM (OCLC, RLIN)
Topical term or geographic name as entry element Finance and taxation
856 40 - ELECTRONIC LOCATION AND ACCESS
Uniform Resource Identifier <a href="https://www.bpf.org.uk/en/files/bpf_documents/finance/Better_Rates_for_Better_Business_full_report.pdf">https://www.bpf.org.uk/en/files/bpf_documents/finance/Better_Rates_for_Better_Business_full_report.pdf</a>
Public note View the item free of charge from the www.bpf.org.uk website.
942 ## - ADDED ENTRY ELEMENTS (KOHA)
Suppress in OPAC 0
Holdings
Withdrawn status Lost status Source of classification or shelving scheme Damaged status Not for loan Home library Current library Shelving location Date acquired Total Checkouts Full call number Barcode Date last seen Copy number Price effective from Koha item type
    Dewey Decimal Classification     Virtual Virtual Online 21/11/2014   ONLINE PUBLICATION 158279-2001 06/08/2019 1 06/08/2019 Book